| 000 | 00781nam a2200229 i 4500 | ||
|---|---|---|---|
| 001 | 8333 | ||
| 003 | ES-MaACL | ||
| 005 | 20230906145433.0 | ||
| 007 | t| | ||
| 008 | 920505s1989 sp ||||1| spa d | ||
| 020 | _a84-7483-592-5 | ||
| 080 | _a351.853(46) | ||
| 080 | _a7.025.4(46) | ||
| 100 | 1 |
_aMuñoz Cosme, Alfonso. _984380 |
|
| 245 | 1 | 3 |
_aLa Conservación del patrimonio arquitectónico español / _cAlfonso Muñoz Cosme. |
| 250 | _a[1ª ed.]. | ||
| 260 |
_aMadrid : _bInstituto de Conservación y Restauración de Bienes Culturales, _c1989. |
||
| 300 |
_a175 p. ; _c29 cm. |
||
| 650 |
_aMonumentos- _xPreservación- _zEspaña. _915180 |
||
| 710 | 2 |
_aInstituto de Conservación y Restauración de Bienes Culturales (España) _94845 |
|
| 852 |
_aES-MaACL _jL-15657 _bR.117506 |
||
| 999 |
_c8333 _d8333 |
||